000 00583nam a2200241Ia 4500
003 OSt
005 20140507100707.0
008 140130s9999 xx 000 0 und d
020 _a9780439781114
050 _aQL 666.L23
_b.C69 2005
100 _aCowley, Joy.
245 _cJoy Cowley.
_aChameleon /
260 _bScholastic Inc.,
_cc2005.
_aUSA :
300 _a30 p. :
_bcol. ill. ;
_c23 cm.
440 _v1
521 _aG1
526 _c180
650 _aChameleons
_xJuvenile literature.
942 _cBK
_2lcc
999 _c39921
_d39921